Malý ekonomický výkladový slovník [malá příručka nejen pro studenty ekonomie]

Salvato in:
Dettagli Bibliografici
Autore principale: Fialová, Hana
Natura: Libro
Lingua:ceco
Pubblicazione: Praha A plus 1999
Edizione:5. rozšíř. vyd.
Soggetti:
Tags: Aggiungi Tag
Nessun Tag, puoi essere il primo ad aggiungerne!!

MARC

LEADER 00000nam a2200000 4500
001 c123156
005 20221102135218.4
020 |a 80-902514-2-0 
041 0 |a cze 
044 |a CZ 
245 1 0 |a Malý ekonomický výkladový slovník  |b [malá příručka nejen pro studenty ekonomie]  |c Hana Fialová 
250 |a 5. rozšíř. vyd. 
264 1 |a Praha  |b A plus  |c 1999 
300 |a 184 s. 
610 2 0 |a ekonómia 
610 2 0 |a terminológia 
610 2 0 |a pojmy 
100 1 |a Fialová, Hana